000 00388 a2200169 4500
001 49326
020 _a8532514065
040 _cAnchieta - Bela Vista
100 _aDorfman, Ariel
240 1 0 _aA rebelião dos coelhos mágicos
_lpor
245 1 0 _aA rebelião dos coelhos mágicos
300 _a59
362 0 _a2002
440 1 _aRocco
650 4 _aLiteratura juvenil
942 _cBK
999 _c49326
_d49326